<?xml version="1.0" encoding="UTF-8"?>
<record
    xmlns:xsi="http://www.w3.org/2001/XMLSchema-instance"
    xsi:schemaLocation="http://www.loc.gov/MARC21/slim http://www.loc.gov/standards/marcxml/schema/MARC21slim.xsd"
    xmlns="http://www.loc.gov/MARC21/slim">

  <leader>00727nam a22002177a 4500</leader>
  <controlfield tag="005">20131106144122.0</controlfield>
  <datafield tag="010" ind1=" " ind2=" ">
    <subfield code="a">B-495547-558</subfield>
  </datafield>
  <datafield tag="020" ind1=" " ind2=" ">
    <subfield code="a">9789350514672</subfield>
    <subfield code="c">698.00</subfield>
  </datafield>
  <datafield tag="035" ind1=" " ind2=" ">
    <subfield code="a">B-495547-558</subfield>
  </datafield>
  <datafield tag="037" ind1=" " ind2=" ">
    <subfield code="b">HPH/Ven</subfield>
    <subfield code="a">dpl</subfield>
  </datafield>
  <datafield tag="082" ind1=" " ind2=" ">
    <subfield code="a">657.42</subfield>
  </datafield>
  <datafield tag="100" ind1=" " ind2=" ">
    <subfield code="a">Madegowda, J.</subfield>
  </datafield>
  <datafield tag="245" ind1=" " ind2=" ">
    <subfield code="a">Advanced cost accounting /</subfield>
    <subfield code="c">by J.Madegowda</subfield>
  </datafield>
  <datafield tag="250" ind1=" " ind2=" ">
    <subfield code="a">2nd ed</subfield>
  </datafield>
  <datafield tag="260" ind1=" " ind2=" ">
    <subfield code="a">Mumbai</subfield>
    <subfield code="b">Himalaya Publishing House</subfield>
    <subfield code="c">2012</subfield>
  </datafield>
  <datafield tag="270" ind1=" " ind2=" ">
    <subfield code="a">Ramdoot, Dr. Bhalerao Marg, Girgaon</subfield>
    <subfield code="b">Mumbai</subfield>
    <subfield code="e">400004</subfield>
  </datafield>
  <datafield tag="300" ind1=" " ind2=" ">
    <subfield code="a">1074p.</subfield>
    <subfield code="c">30cm(pbk)</subfield>
  </datafield>
  <datafield tag="500" ind1=" " ind2=" ">
    <subfield code="a">includes index and bibliographical references</subfield>
  </datafield>
  <datafield tag="942" ind1=" " ind2=" ">
    <subfield code="2">ddc</subfield>
    <subfield code="c">EN</subfield>
    <subfield code="k">MAD</subfield>
    <subfield code="h">657.42</subfield>
  </datafield>
  <datafield tag="999" ind1=" " ind2=" ">
    <subfield code="c">79679</subfield>
    <subfield code="d">79679</subfield>
  </datafield>
  <datafield tag="952" ind1=" " ind2=" ">
    <subfield code="0">0</subfield>
    <subfield code="1">0</subfield>
    <subfield code="4">0</subfield>
    <subfield code="7">0</subfield>
    <subfield code="8">NFIC</subfield>
    <subfield code="a">L</subfield>
    <subfield code="b">L</subfield>
    <subfield code="d">2013-11-06</subfield>
    <subfield code="e">HPH/A4434489/09.03.13/170/09.03.2013/15.03.2013</subfield>
    <subfield code="g">698.00</subfield>
    <subfield code="l">3</subfield>
    <subfield code="o">657.42</subfield>
    <subfield code="p">B-495547</subfield>
    <subfield code="r">2018-04-03 00:00:00</subfield>
    <subfield code="s">2018-03-20</subfield>
    <subfield code="t">2</subfield>
    <subfield code="v">698.00</subfield>
    <subfield code="y">EN</subfield>
  </datafield>
  <datafield tag="952" ind1=" " ind2=" ">
    <subfield code="0">0</subfield>
    <subfield code="1">0</subfield>
    <subfield code="4">0</subfield>
    <subfield code="7">0</subfield>
    <subfield code="8">NFIC</subfield>
    <subfield code="a">L</subfield>
    <subfield code="b">L</subfield>
    <subfield code="d">2013-11-06</subfield>
    <subfield code="e">HPH/A4434489/09.03.13/170/09.03.2013/15.03.2013</subfield>
    <subfield code="g">698.00</subfield>
    <subfield code="l">4</subfield>
    <subfield code="m">3</subfield>
    <subfield code="o">657.42</subfield>
    <subfield code="p">B-495548</subfield>
    <subfield code="r">2023-11-08 00:00:00</subfield>
    <subfield code="s">2023-10-13</subfield>
    <subfield code="t">2</subfield>
    <subfield code="v">698.00</subfield>
    <subfield code="y">EN</subfield>
  </datafield>
  <datafield tag="952" ind1=" " ind2=" ">
    <subfield code="0">0</subfield>
    <subfield code="1">0</subfield>
    <subfield code="4">0</subfield>
    <subfield code="7">0</subfield>
    <subfield code="8">NFIC</subfield>
    <subfield code="a">M</subfield>
    <subfield code="b">M</subfield>
    <subfield code="d">2013-11-06</subfield>
    <subfield code="e">HPH/A4434489/09.03.13/170/09.03.2013/15.03.2013</subfield>
    <subfield code="g">698.00</subfield>
    <subfield code="l">3</subfield>
    <subfield code="o">657.42</subfield>
    <subfield code="p">B-495549</subfield>
    <subfield code="q">2045-06-01</subfield>
    <subfield code="r">2018-01-15 00:00:00</subfield>
    <subfield code="s">2018-01-15</subfield>
    <subfield code="t">2</subfield>
    <subfield code="v">698.00</subfield>
    <subfield code="y">EN</subfield>
  </datafield>
  <datafield tag="952" ind1=" " ind2=" ">
    <subfield code="0">0</subfield>
    <subfield code="1">0</subfield>
    <subfield code="4">0</subfield>
    <subfield code="7">0</subfield>
    <subfield code="8">NFIC</subfield>
    <subfield code="a">M</subfield>
    <subfield code="b">M</subfield>
    <subfield code="d">2013-11-06</subfield>
    <subfield code="e">HPH/A4434489/09.03.13/170/09.03.2013/15.03.2013</subfield>
    <subfield code="g">698.00</subfield>
    <subfield code="l">0</subfield>
    <subfield code="o">657.42</subfield>
    <subfield code="p">B-495550</subfield>
    <subfield code="r">2013-11-06 00:00:00</subfield>
    <subfield code="t">2</subfield>
    <subfield code="v">698.00</subfield>
    <subfield code="y">EN</subfield>
  </datafield>
  <datafield tag="952" ind1=" " ind2=" ">
    <subfield code="0">0</subfield>
    <subfield code="1">0</subfield>
    <subfield code="4">0</subfield>
    <subfield code="7">0</subfield>
    <subfield code="8">NFIC</subfield>
    <subfield code="a">NPL</subfield>
    <subfield code="b">NPL</subfield>
    <subfield code="d">2013-11-06</subfield>
    <subfield code="e">HPH/A4434489/09.03.13/170/09.03.2013/15.03.2013</subfield>
    <subfield code="g">698.00</subfield>
    <subfield code="l">0</subfield>
    <subfield code="o">657.42</subfield>
    <subfield code="p">B-495551</subfield>
    <subfield code="r">2013-11-06 00:00:00</subfield>
    <subfield code="t">1</subfield>
    <subfield code="v">698.00</subfield>
    <subfield code="y">EN</subfield>
  </datafield>
  <datafield tag="952" ind1=" " ind2=" ">
    <subfield code="0">0</subfield>
    <subfield code="1">0</subfield>
    <subfield code="4">0</subfield>
    <subfield code="7">0</subfield>
    <subfield code="8">NFIC</subfield>
    <subfield code="a">BL1</subfield>
    <subfield code="b">BL1</subfield>
    <subfield code="d">2013-11-06</subfield>
    <subfield code="e">HPH/A4434489/09.03.13/170/09.03.2013/15.03.2013</subfield>
    <subfield code="g">698.00</subfield>
    <subfield code="l">4</subfield>
    <subfield code="m">4</subfield>
    <subfield code="o">657.42</subfield>
    <subfield code="p">B-495552</subfield>
    <subfield code="r">2019-11-14 00:00:00</subfield>
    <subfield code="s">2019-11-04</subfield>
    <subfield code="t">1</subfield>
    <subfield code="v">698.00</subfield>
    <subfield code="y">EN</subfield>
  </datafield>
  <datafield tag="952" ind1=" " ind2=" ">
    <subfield code="0">0</subfield>
    <subfield code="1">0</subfield>
    <subfield code="4">0</subfield>
    <subfield code="7">0</subfield>
    <subfield code="8">NFIC</subfield>
    <subfield code="a">KGM</subfield>
    <subfield code="b">KGM</subfield>
    <subfield code="d">2013-11-06</subfield>
    <subfield code="e">HPH/A4434489/09.03.13/170/09.03.2013/15.03.2013</subfield>
    <subfield code="g">698.00</subfield>
    <subfield code="l">0</subfield>
    <subfield code="o">657.42</subfield>
    <subfield code="p">B-495553</subfield>
    <subfield code="r">2013-11-06 00:00:00</subfield>
    <subfield code="t">1</subfield>
    <subfield code="v">698.00</subfield>
    <subfield code="y">EN</subfield>
  </datafield>
  <datafield tag="952" ind1=" " ind2=" ">
    <subfield code="0">0</subfield>
    <subfield code="1">0</subfield>
    <subfield code="4">0</subfield>
    <subfield code="7">0</subfield>
    <subfield code="8">NFIC</subfield>
    <subfield code="a">JP</subfield>
    <subfield code="b">JP</subfield>
    <subfield code="d">2013-11-06</subfield>
    <subfield code="e">HPH/A4434489/09.03.13/170/09.03.2013/15.03.2013</subfield>
    <subfield code="g">698.00</subfield>
    <subfield code="l">17</subfield>
    <subfield code="m">8</subfield>
    <subfield code="o">657.42</subfield>
    <subfield code="p">B-495554</subfield>
    <subfield code="r">2017-06-08 00:00:00</subfield>
    <subfield code="s">2017-05-18</subfield>
    <subfield code="t">1</subfield>
    <subfield code="v">698.00</subfield>
    <subfield code="y">EN</subfield>
  </datafield>
  <datafield tag="952" ind1=" " ind2=" ">
    <subfield code="0">0</subfield>
    <subfield code="1">0</subfield>
    <subfield code="4">0</subfield>
    <subfield code="7">0</subfield>
    <subfield code="8">NFIC</subfield>
    <subfield code="a">ZLS</subfield>
    <subfield code="b">ZLS</subfield>
    <subfield code="d">2013-11-06</subfield>
    <subfield code="e">HPH/A4434489/09.03.13/170/09.03.2013/15.03.2013</subfield>
    <subfield code="g">698.00</subfield>
    <subfield code="l">0</subfield>
    <subfield code="o">657.42</subfield>
    <subfield code="p">B-495555</subfield>
    <subfield code="r">2013-11-06 00:00:00</subfield>
    <subfield code="t">1</subfield>
    <subfield code="v">698.00</subfield>
    <subfield code="y">EN</subfield>
  </datafield>
  <datafield tag="952" ind1=" " ind2=" ">
    <subfield code="0">0</subfield>
    <subfield code="1">0</subfield>
    <subfield code="4">0</subfield>
    <subfield code="7">0</subfield>
    <subfield code="8">NFIC</subfield>
    <subfield code="a">BL3</subfield>
    <subfield code="b">BL3</subfield>
    <subfield code="d">2013-11-06</subfield>
    <subfield code="e">HPH/A4434489/09.03.13/170/09.03.2013/15.03.2013</subfield>
    <subfield code="g">698.00</subfield>
    <subfield code="l">0</subfield>
    <subfield code="o">657.42</subfield>
    <subfield code="p">B-495556</subfield>
    <subfield code="r">2013-11-06 00:00:00</subfield>
    <subfield code="t">1</subfield>
    <subfield code="v">698.00</subfield>
    <subfield code="y">EN</subfield>
  </datafield>
  <datafield tag="952" ind1=" " ind2=" ">
    <subfield code="0">0</subfield>
    <subfield code="1">0</subfield>
    <subfield code="4">0</subfield>
    <subfield code="7">0</subfield>
    <subfield code="8">NFIC</subfield>
    <subfield code="a">BL4</subfield>
    <subfield code="b">BL4</subfield>
    <subfield code="d">2013-11-06</subfield>
    <subfield code="e">HPH/A4434489/09.03.13/170/09.03.2013/15.03.2013</subfield>
    <subfield code="g">698.00</subfield>
    <subfield code="l">2</subfield>
    <subfield code="m">2</subfield>
    <subfield code="o">657.42</subfield>
    <subfield code="p">B-495557</subfield>
    <subfield code="r">2022-06-14 00:00:00</subfield>
    <subfield code="s">2022-06-06</subfield>
    <subfield code="t">1</subfield>
    <subfield code="v">698.00</subfield>
    <subfield code="y">EN</subfield>
  </datafield>
  <datafield tag="952" ind1=" " ind2=" ">
    <subfield code="0">0</subfield>
    <subfield code="1">0</subfield>
    <subfield code="4">0</subfield>
    <subfield code="7">0</subfield>
    <subfield code="8">NFIC</subfield>
    <subfield code="a">L</subfield>
    <subfield code="b">L</subfield>
    <subfield code="d">2013-11-06</subfield>
    <subfield code="e">HPH/A4434489/09.03.13/170/09.03.2013/15.03.2013</subfield>
    <subfield code="g">698.00</subfield>
    <subfield code="l">0</subfield>
    <subfield code="o">657.42</subfield>
    <subfield code="p">B-495558</subfield>
    <subfield code="r">2013-11-06 00:00:00</subfield>
    <subfield code="t">1</subfield>
    <subfield code="v">698.00</subfield>
    <subfield code="w">2013-11-06</subfield>
    <subfield code="y">EN</subfield>
  </datafield>
</record>
